000 00768cam a2200253 a 4500
001 12112579
005 20180227073317.0
008 000719s1996 enk b 001 0 eng d
010 _a 00698190
020 _a0745307469
035 _a(OCoLC)ocm34908370
040 _aCGU
_cCGU
_dGZM
_dUIU
_dDLC
041 _aeng
042 _alccopycat
080 _a572 GAR
082 _a572 GAR
100 1 _a23
101 _aANT
245 1 0 _aAnthropology, development, and the post-modern challenge /
_cKaty Gardner and David Lewis.
504 _aIncludes bibliographical references (p. 174-185).
906 _a7
_bcbc
_ccopycat
_d2
_encip
_f20
_gy-gencatlg
942 _2ddc
_cBK
999 _c43608
_d43608